| 000 | 00377nam a2200145Ia 4500 | ||
|---|---|---|---|
| 008 | 240624s9999 xx 000 0 und d | ||
| 041 | _aeng | ||
| 082 | _a658.4092 TAN | ||
| 100 | _aTAN YINGLAN | ||
| 245 | _aCHINNOVATION HOW CHINESE INNOVATORS ARE | ||
| 250 | _a11 | ||
| 260 |
_c2011 _aSingapore _bJohn Wiley and Sons |
||
| 300 | _axiv, : 298 : p. : cm. ; 23 | ||
| 365 |
_c _b27 |
||
| 999 |
_c17682 _d17682 |
||